| 000 | 00700nam a22002177a 4500 | ||
|---|---|---|---|
| 003 | UA-OsUOA | ||
| 001 | 64579 | ||
| 007 | ta | ||
| 008 | 20091105b un ||||| |||| 00| 0 ukr d | ||
| 090 |
_a016:94(085) _bК29 |
||
| 942 | _cBK | ||
| 040 |
_aUA-OsUOA _brus _cUA-OsUOA _dUA-OsUOA |
||
| 245 | _aКаталог палеотитипов из фондов Львовской научний библиотеки им. В. Стефаника АН УССР | ||
| 300 | _a196 с. | ||
| 955 | _a4 | ||
| 041 | _arus | ||
| 080 | _a016:94(085) | ||
| 260 |
_aК. _bНаукова думка _c1986 |
||
| 650 | 7 |
_a01 Бібліографія і бібліографії. Каталоги _2UDC |
|
| 999 |
_c350529 _d350529 |
||